000 01965nam0a2200325 4500
001 RU\NLR\BIBL_A\022293976
005 20260628043005.0
010 _a978-5-907857-42-1
_9500
021 _aRU
_bКН-П-24-036418
_9КН-П-24-3651
035 _a(NLR Aleph) 022293976
090 _a13662402
_c13662402
100 _a20240808d2024 k y0rusy50 ca
101 0 _arus
102 _aRU
105 _aа z 100zy
181 0 _ai
_baxxe
182 0 _an
200 1 _aТруды Международной научно-практической конференции "Современные проблемы экономики и качества в аэрокосмической промышленности", 20 декабря 2023 года
_fМосковский авиационный институт (национальный исследовательский университет)
203 _aТекст
_bвизуальный
_cнепосредственный
210 _aМосква
_cМосковский авиационный институт (национальный исследовательский университет)
_aКурск
_cУниверситетская книга
_d2024
215 _a141 с.
_cил.
_d20
320 _aБиблиогр. в конеце ст.
606 _aАэрокосмическая промышленность
_xПредприятия
_xУправление
_jСъезды, совещания и т.п
_3RU\NLR\AUTH\661470998
_92477551
686 1 _aУ30(2)585.152.76-219.1я431
710 1 2 _a"Современные проблемы экономики и качества в аэрокосмической промышленности", международная научно-практическая конференция
_eМосква
_f2023
_9886022
_3RU\NLR\AUTH\880614171
942 _cBOOK
980 _aNB